| 000 | 00611nam a22002177a 4500 | ||
|---|---|---|---|
| 003 | URS | ||
| 005 | 20251022142536.0 | ||
| 008 | 251008b ||||| |||| 00| 0 eng d | ||
| 020 | _a978-1-265-20149-4 | ||
| 040 | _cURS | ||
| 050 |
_aBF121 _b.F34 2024 |
||
| 100 | 1 |
_aFeldman, Robert S., _d1947- _q(Robert Stephen), |
|
| 245 | _aEssentials of Understanding Psychology | ||
| 264 |
_aNew York _bMcGraw Hill LLC _c©2024 |
||
| 300 |
_a580 pages.,: _c28 cm. |
||
| 336 |
_2rdacontent _atext |
||
| 337 |
_2rdamedia _aunmediated |
||
| 338 |
_2rdacarrier _avolume |
||
| 650 | 0 |
_aPsychology _xTextbooks |
|
| 942 |
_2lcc _cFR |
||
| 999 |
_c88360 _d88357 |
||